Ocean animals A-Z - Statistics

General Stats
  • This quiz has been taken 63 times
  • The average score is 17 of 26
Answer Stats
Picture Answer % Correct
Crab
98%
Dolphin
96%
Jellyfish
96%
Octopus
95%
Hammerhead Shark
93%
Starfish
89%
Turtle
89%
Eel
84%
Manatee
84%
Whale
81%
Beluga Whale
79%
Koi
79%
Ray
79%
Pelican
77%
Urchin
75%
Lionfish
74%
Anemone
72%
Nautilus
56%
Flounder
40%
Vampire Squid
40%
Grouper
39%
Yellowfin Tuna
35%
Zebrafish
33%
X-rayfish
18%
(Marine) Iguana
12%
Queen Angel Fish
4%
No matching quizzes found
Score Distribution
Percent of People with Each Score
Percentile by Number Answered
Your Score History
You have not taken this quiz